欧亚裔文化之旅 (Record no. 68099)

000 -LEADER
fixed length control field 00573nam a22002057a 4500
003 - CONTROL NUMBER IDENTIFIER
control field MPLRDC
005 - DATE AND TIME OF LATEST TRANSACTION
control field 20220104203402.0
008 - FIXED-LENGTH DATA ELEMENTS--GENERAL INFORMATION
fixed length control field 210129b ||||| |||| 00| 0 eng d
020 ## - INTERNATIONAL STANDARD BOOK NUMBER
International Standard Book Number 981-229-363-9
082 ## - DEWEY DECIMAL CLASSIFICATION NUMBER
Classification number 538.9 YTTS
100 ## - MAIN ENTRY--PERSONAL NAME
Personal name 亚太图书编辑部 编写
245 ## - TITLE STATEMENT
Title 欧亚裔文化之旅
Statement of responsibility, etc. 杨立平 译; 谢永辉 绘
250 ## - EDITION STATEMENT
Edition statement 初版
260 ## - PUBLICATION, DISTRIBUTION, ETC.
Place of publication, distribution, etc. 新加坡
Name of publisher, distributor, etc. 亚太图书有限公司
Date of publication, distribution, etc. 2004
300 ## - PHYSICAL DESCRIPTION
Other physical details
490 ## - SERIES STATEMENT
Series statement 缤纷文化之旅
520 ## - SUMMARY, ETC.
Summary, etc. 新书上架 2018-09-01。
650 ## - SUBJECT ADDED ENTRY--TOPICAL TERM
Topical term or geographic name entry element 各民族风俗志
942 ## - ADDED ENTRY ELEMENTS (KOHA)
Koha item type Book
-- 538.9 YTTS
Holdings
Withdrawn status Lost status Source of classification or shelving scheme Damaged status Not for loan Collection code Home library Current library Shelving location Date acquired Cost, normal purchase price Total Checkouts Total Renewals Full call number Barcode Date last seen Date last checked out Price effective from Koha item type Public note
            Malaysian Public Library, Research and Development Centre Malaysian Public Library, Research and Development Centre   12/07/2018 16.00   1 538.9 YTTS 00061622 18/03/2021 01/11/2018 18/03/2021 Book mplrdc

© 2022. Malaysian Public Library, Research and Development Centre. All Right ReservedE-mailmplrdc@help.edu.my 

Powered by Koha